000 00287nam a22001217a 4500
020 _a978-93-84007-71-3
040 _adlc
_cdlc
_ddlc
_edlc
082 _2624.182
_bGOR
245 _aSteel Designer's Handbook by Gorec
250 _a8th
260 _aIndia
_bMEDTECH
_c2016
942 _2ddc
_cBK
999 _c613647
_d613647